000 00769nam a2200241Ia 4500
003 OSt
005 20220923211628.0
006 a|||||r|||| 00| 0
007 ta
008 220922b |||||||| |||| 00| 0 pan d
024 _a26,521
037 _cTextual
040 _aARTS
_cARTS
_bpan
041 _2pan
_apan
082 _aO153,3:g, K2
100 _aਸੂਰੀ, ਕਰਤਾਰ ਸਿੰਘ
_9156315
245 0 _aਨਾਵਲ ਦੀ ਰੂਪ ਰੇਖਾ
260 _aਅੰਮ੍ਰਿਤਸਰ
_b ਲੋਕ ਸਾਹਿਤ ਪ੍ਰਕਾFਨ
_c1962
300 _a120ਪੰ
_ccm.
650 _aਪੰਜਾਬੀ ਸਾਹਿਤ
942 _hO153,3:g, K2
_cTEXL
_2CC
999 _c301690
_d301690